000 00566nam a2200193Ia 4500
003 OSt
005 20200103110523.0
008 190216s9999||||xx |||||||||||||| ||und||
020 _a0706999290
040 _coclc
082 _a332.10954
_bSHE/B
100 _aShekhar, K C
_91041
245 0 _aBanking Theory And Practice /
_cK C Shekhar ; Lekshmy Shekhar
250 _a18th ed.
260 _bVikas Publishing House,
_c1999.
_aNew Delhi:
300 _a870p
650 _aEconomics
942 _cBK
_2ddc
_h332.10954
_iSHE/B
_k332.10954
_mSHE/B
999 _c10488
_d10488